Jayamala becomes the elephant queen / (Record no. 30221)

MARC details
000 -LEADER
fixed length control field 00996nam a2200253 a 4500
005 - DATE AND TIME OF LATEST TRANSACTION
control field 20090909121410.0
008 - FIXED-LENGTH DATA ELEMENTS--GENERAL INFORMATION
fixed length control field 990210s1999 nyua j 000 1 eng
010 ## - LCCN (DPL NO)
LC control number B-357116
020 ## - INTERNATIONAL STANDARD BOOK NUMBER
Terms of availability 40.00
International Standard Book Number 9788124114568
035 ## - SYSTEM CONTROL NUMBER
System control number B-357116
037 ## - SOURCE OF ACQUISITION
Source of stock number/acquisition DBAD / PUB
040 ## - CATALOGING SOURCE
Original cataloging agency dpl
Language of cataloging English
082 ## - DEWEY DECIMAL CLASSIFICATION NUMBER
Classification number S
100 ## - MAIN ENTRY--PERSONAL NAME
Personal name Anand, Shradha
245 ## - TITLE STATEMENT
Title Jayamala becomes the elephant queen /
Statement of responsibility, etc retold by Shradha Anand
260 ## - PUBLICATION, DISTRIBUTION, ETC. (IMPRINT)
Place of publication, distribution, etc New Delhi
Name of publisher, distributor, etc Har-Anand Publications
Date of publication, distribution, etc 2009
270 ## - ADDRESS
Address E-49/3, Okhla Industrial Area, Phase - II,
City New Delhi
Postal code 110020
300 ## - PHYSICAL DESCRIPTION
Extent 16p.:
Dimensions 28cm(pbk)
Other physical details col. ill
490 ## - SERIES STATEMENT
Series statement Read 'n' enjoy folklore
520 ## - SUMMARY, ETC.
Summary, etc A little girl falls down a rabbit hole and discovers a world of nonsensical and amusing characters.
650 ## - SUBJECT ADDED ENTRY--TOPICAL TERM
Topical term or geographic name as entry element Children's stories, English
942 ## - ADDED ENTRY ELEMENTS (KOHA)
Source of classification or shelving scheme Dewey Decimal Classification
Item type Children Books
Classification part S
Call number suffix ANA
Holdings
Withdrawn status Lost status Source of classification or shelving scheme Damaged status Not for loan Collection code Home library Current library Date acquired Source of acquisition Cost, normal purchase price Total Checkouts Total Renewals Full call number Barcode Date last seen Copy number Cost, replacement price Koha item type
    Dewey Decimal Classification     Fiction Janak Puri Janak Puri 09/09/2009 DBAD / PUB 40.00 22 1 S ANA B-357116 07/03/2023 1 40.00 Children Books

© Delhi Public Library
Hit Counter
free hit counter